00945nam a22002177a 45000010005000000030006000050050017000110080041000280200018000690400029000870500008001161000021001242450098001452600060002433000041003035050008003445200303003525210029006555210020006846500023007047005FISKH20250617103427.0250617b cb ||||| |||| 00| 0 eng d a9789833354023 aFISKHbengcFISKHdFISKH aPZ7 aChowdhary, Neena aExperiment with ecology :bEasy-to-do experiments that make science fun /cBy Neena Chowdhary aKuala Lumpur :bScholar's Publication Sdn.Bhd. ,c2004. a40 pages :billustrations ;c26 cm . aM  aExperiment with Ecology by Neena Chowdhary is a children's science book that introduces young readers to the fascinating world of ecology through hands-on experiments. Part of the Experiment with Science series, this book is designed to make learning about the environment both fun and educational.8 a550 bLexile estimate 8 aM bRaz-Plus  aSolidvNon-fiction